000 00520nam a2200169Ia 4500
008 230718s9999 xx 000 0 und d
020 _a9781783553112
041 _aeng
082 _a005.13'3
_bLIU
100 _aLiu Y.
_9201005
245 _aPython Machine Learning By Example
_bEasy-To-Follow Examples That Get You Up And Running With Machine Learning
260 _c2017
_bPackt
300 _a240
365 _cRs.
_b799.00
700 _aLiu Y.
_9201005
906 _dO:0604018-Aug-2018B:IN27325-Jul-2018
_cCOMP
_b159.8
999 _c348164
_d348164